000
00374nam a2200145Ia 4500
008
231129s1997||||xx |||||||||||||| ||spa||
020
_a
958-04-3933-8
040
_b
spa
082
_a
004.68 L913r
100
_a
Lowe Doug
245
0
_a
Redes para Dummies
260
_c
1997
264
_a
Bogotá Colombia : Norma
942
_2
ddc
_c
BKS
999
_c
23811
_d
23811